Crimini sessuali /

Salvato in:
Dettagli Bibliografici
Autore principale: Fontana, Dario (Autore)
Natura: Libro
Lingua:italiano
Pubblicazione: Milano : Inteuropa, [stampa 1970]
Serie:Nuovo poker d' assi ; 4
Tags: Aggiungi Tag
Nessun Tag, puoi essere il primo ad aggiungerne!!

MARC

LEADER 00000nam a22000007i 4500
001 IT\ICCU\UBO\2494280
003 ItRI
005 20260115232242.0
008 040714s1970 it |||||| ||||| |||||c
040 |b ita  |c importazione bologna sebina 
041 7 |a ita  |2 ISO-639-2 
100 1 |a Fontana, Dario  |0 IT\ICCU\UBOV\894447  |4 aut 
245 1 0 |a Crimini sessuali /  |c Dario Fontana. 
260 |a Milano :  |b Inteuropa,  |c [stampa 1970] 
300 |a 159 p. ;  |c 17 cm. 
830 0 |a Nuovo poker d' assi ;  |v 4  |0 IT\ICCU\UBO\2494316 
942 |2 ddc  |c BK  |n 0 
952 |0 0  |1 0  |4 0  |6 DOC_364_090000000000000_FON  |7 0  |9 22972  |a BO  |b BO  |d 2026-01-15  |i 686  |l 0  |o DOC 364.09 FON  |p BO686  |r 2026-01-15 23:22:42  |w 2026-01-15  |x [Sebina 7] [1 v.]  |y BK  |z 1 v. 
999 |c 19602  |d 19602